00593nam a2200193Ia 4500008004100000020001800041082001800059100002000077245002500097250000700122260004200129300002800171500000700199600002700206650001500233942000700248952012900255999001500384240925s9999 xx 000 0 und d a9788131705094 a621.31042 GHO aGhosh, Smarajit 0aElectrical Machines  aNA aSingapore:bPearson educationc,2005. axvi,637p.bNAfOriginal aNA aElectronic Engineering aTechnology cBK 011040708ELaUITUbUITUd2005-11-11eStandard Booksg338.00l0o621.31042 GHOpQ6452r2024-09-25 07:14:15w2024-09-25yBK c8951d8951